000 00500 a2200169 4500
003 OSt
005 20230915102748.0
008 230908b |||||||| |||| 00| 0 eng d
020 _a9789354080692
040 _coclc
082 _a070
_bKAR/J
100 _aKarackat, S D B Francis
_99447
245 _aJOURNALISM:
_bA MANUAL FOR BUDDING REPORTERS /
_cDr. Francis Karackat SDB
260 _aKochi:
_bDon Bosco,
300 _a244 p
942 _2ddc
_cBK
_h070
_iKAR/J
_k070
_mKAR/J
999 _c42153
_d42153